Riptide / (Record no. 2291)

MARC details
000 -LEADER
fixed length control field 00540cam a2200193 4500
001 - CONTROL NUMBER
control field 2859
005 - DATE AND TIME OF LATEST TRANSACTION
control field 20181127165933.0
008 - FIXED-LENGTH DATA ELEMENTS--GENERAL INFORMATION
fixed length control field 000314s2000 nyu 000 1 eng
010 ## - LIBRARY OF CONGRESS CONTROL NUMBER
LC control number 00035248
020 ## - INTERNATIONAL STANDARD BOOK NUMBER
International Standard Book Number 0399146164 (acid-free paper)
043 ## - GEOGRAPHIC AREA CODE
Geographic area code n-us-ny
100 1# - MAIN ENTRY--PERSONAL NAME
Personal name Coulter, Catherine.
245 10 - TITLE STATEMENT
Title Riptide /
Statement of responsibility, etc. Catherine Coulter.
260 ## - PUBLICATION, DISTRIBUTION, ETC.
Place of publication, distribution, etc. New York :
Name of publisher, distributor, etc. Putnam,
Date of publication, distribution, etc. c2000.
300 ## - PHYSICAL DESCRIPTION
Extent 387 p. ;
Dimensions 24 cm.
650 #0 - SUBJECT ADDED ENTRY--TOPICAL TERM
Topical term or geographic name entry element Government investigators
Form subdivision Fiction.
651 #0 - SUBJECT ADDED ENTRY--GEOGRAPHIC NAME
Geographic name New York (N.Y.)
Form subdivision Fiction.
655 #7 - INDEX TERM--GENRE/FORM
Genre/form data or focus term Suspense fiction.
Source of term gsafd
Holdings
Withdrawn status Lost status Source of classification or shelving scheme Damaged status Not for loan Collection code Home library Current library Shelving location Date acquired Serial Enumeration / chronology Inventory number Total Checkouts Full call number Barcode Date last seen Price effective from Koha item type
    Dewey Decimal Classification     Fiction RTC Library RTC Library Fiction 07/04/2022 5128   FIC 813.54 COU 30000745 14/11/2022 27/11/2018 Fiction
Royal Thimphu College || All Right Reserved